|
|
|
|
| LEADER |
02867nam a22003853i 4500 |
| 001 |
EBC6956301 |
| 003 |
MiAaPQ |
| 005 |
20231204023223.0 |
| 006 |
m o d | |
| 007 |
cr cnu|||||||| |
| 008 |
231204s2022 xx o ||||0 ger d |
| 020 |
|
|
|a 9783839456620
|q (electronic bk.)
|
| 020 |
|
|
|z 9783732856626
|
| 035 |
|
|
|a (MiAaPQ)EBC6956301
|
| 035 |
|
|
|a (Au-PeEL)EBL6956301
|
| 035 |
|
|
|a (OCoLC)1294424116
|
| 040 |
|
|
|a MiAaPQ
|b eng
|e rda
|e pn
|c MiAaPQ
|d MiAaPQ
|
| 100 |
1 |
|
|a Zelinka, Jozef.
|
| 245 |
1 |
0 |
|a Regieren durch Vorbeugen :
|b Eine kritische Analyse der Burnout-Prävention nach Michel Foucault.
|
| 250 |
|
|
|a 1st ed.
|
| 264 |
|
1 |
|a Bielefeld :
|b transcript,
|c 2022.
|
| 264 |
|
4 |
|c {copy}2022.
|
| 300 |
|
|
|a 1 online resource (367 pages)
|
| 336 |
|
|
|a text
|b txt
|2 rdacontent
|
| 337 |
|
|
|a computer
|b c
|2 rdamedia
|
| 338 |
|
|
|a online resource
|b cr
|2 rdacarrier
|
| 490 |
1 |
|
|a Edition Politik
|
| 505 |
0 |
|
|a Cover -- Inhalt -- Abbildungsverzeichnis -- Danksagung und Widmung -- Einleitung -- Aktueller Forschungsstand -- 1 Psychologische Untersuchungen zum Burnout-Syndrom -- 2 Arbeitssoziologische Beobachtungen zum Burnout-Syndrom -- 3 Soziokultureller Blick auf das Burnout-Syndrom -- 4 Kulturgeschichtliche Perspektive auf die Prävention psychischen Leidens -- 5 Der Mehrwert bisheriger Forschungen und das bestehende Desiderat -- Theoretische Grundlage: Machtanalytik Michel Foucaults -- 1 Geschichte des Denkens als Analyse der Problematisierungen -- 2 Foucaults Analyseinstrumente -- 3 Gouvernementalität - ein Denken über das Regieren -- Methodologischer Vorgang der Dispositivanalyse -- 1 Das Konzept des Dispositivs bei Michel Foucault -- 2 Wissenschaftliche Rezeption Foucaults Dispositivbegriffs -- 3 Operationalisierung der Dispositivanalyse -- Empirischer Teil: Kritische Analyse des Präventionsdispositivs -- 1 Diskurs -- 2 Nicht‐diskursive Praktiken -- 3 Objektivationen/Vergegenständlichungen -- 4 Subjektivation/Subjektivierung -- 5 Gesellschaftstheoretische Kontextualisierung -- 6 Verknüpfungen zwischen den dispositiven Elementen -- Diskussion der Ergebnisse -- 1 Landschaft des Präventionsdispositivs -- 2 Machteffekte und Widerstandspotentiale -- 3 Regieren durch Vorbeugen -- Schluss und Ausblick -- Literaturverzeichnis.
|
| 588 |
|
|
|a Description based on publisher supplied metadata and other sources.
|
| 590 |
|
|
|a Electronic reproduction. Ann Arbor, Michigan : ProQuest Ebook Central, 2023. Available via World Wide Web. Access may be limited to ProQuest Ebook Central affiliated libraries.
|
| 655 |
|
4 |
|a Electronic books.
|
| 776 |
0 |
8 |
|i Print version:
|a Zelinka, Jozef
|t Regieren durch Vorbeugen
|d Bielefeld : transcript,c2022
|z 9783732856626
|
| 797 |
2 |
|
|a ProQuest (Firm)
|
| 830 |
|
0 |
|a Edition Politik
|
| 856 |
4 |
0 |
|u https://ebookcentral.proquest.com/lib/matrademy/detail.action?docID=6956301
|z Click to View
|